000 00245nam a22000857a 4500
008 170603b xxu||||| |||| 00| 0 eng d
100 _93242
_aCatchpole. D
245 _aWobbly witch and a dog named brain
260 _aNew Delhi
_bParagon Publication
_c1997
999 _c6556
_d6556